00262nam a22000977a 450000500170000000800410001702000150005804000080007324500480008126000350012920200825114922.0200825b ||||| |||| 00| 0 eng d a0710001207 cCML aRoom's Dictionary of Confusibles.cRoom, A. aGreat BritainbRoutledgec1979